Sports Quiz

Random Sports or Football Quiz

NFL Franchises, East to West Quiz Stats

 Plays Quiz Updated Jan 23, 2020

Support Sporcle.
Go Orange.
Score 0/32 Timer 06:00
0 Plays Today
Longitude Team % Correct
71' 16' WNew England Patriots
98%
74' 04' WNew York Giants
97%
74' 04' WNew York Jets
96%
75' 10' WPhiladelphia Eagles
86.6%
76' 37' WBaltimore Ravens
78.8%
76' 52' WWashington Football Team
77.6%
80' 14' WMiami Dolphins
69.7%
80' 01' WPittsburgh Steelers
69.4%
78' 47' WBuffalo Bills
68.9%
80' 51' WCarolina Panthers
65.3%
121' 57' WSan Francisco 49ers
61.2%
81' 38' WJacksonville Jaguars
60.4%
122' 20' WSeattle Seahawks
60.4%
115' 18' WLas Vegas Raiders
59.4%
81' 42' WCleveland Browns
59.4%
118' 26' WLos Angeles Chargers
58.2%
Longitude Team % Correct
112' 15' WArizona Cardinals
57%
105' 01' WDenver Broncos
55.8%
97' 05' WDallas Cowboys
55%
118' 17′ WLos Angeles Rams
53.8%
95' 24' WHouston Texans
53.5%
87' 37' WChicago Bears
52.6%
84' 24' WAtlanta Falcons
52.4%
86' 09' WIndianapolis Colts
52.2%
82' 30' WTampa Bay Buccaneers
52.1%
84' 31' WCincinnati Bengals
51.9%
88' 03' WGreen Bay Packers
51.5%
93' 15' WMinnesota Vikings
51.1%
94' 29' WKansas City Chiefs
50.7%
86' 46' WTennessee Titans
50.6%
83' 02' WDetroit Lions
50.3%
90' 05' WNew Orleans Saints
50.1%

From the Vault

Cities Sorting Gallery II

by beforever

If you're traveling to these countries anytime soon, these places should be first on your list.
Remove Ads.
Support Sporcle.
Get the best of Sporcle when you Go Orange. This ad-free experience offers more features, more stats, and more fun while also helping to support Sporcle. Thank you for becoming a member.

Show Comments

Extras

Top Quizzes Today


Score Distribution

Your Account Isn't Verified!

In order to create a playlist on Sporcle, you need to verify the email address you used during registration. Go to your Sporcle Settings to finish the process.

Report this User

Report this user for behavior that violates our Community Guidelines.

Details: